000 01340nam a22002777a 4500
005 2009121407057.0
008 091214t xxu||||| |||| 00| 0 eng d
010 _aB-380619-621
020 _a9780007244485
_c75.00
035 _aB-380619-621
037 _bUBH
040 _adpl
_bEnglish
082 _aS
100 _aOram, Hiawyn
245 _aThe magic pen /
_cby Hiawyn Oram; illustrated by Nick Schon
260 _aLondon
_bCollins
_c2007
270 _a77-85, Fulham Palace Road, Hammersmith
_bLondon
300 _a32p.:
_bcol. ill.
_c21cm(pbk)
490 _aCollins big cat read at home ; edited by Cliff Moon
_vlevel 3 book c- explore reading
700 _aSchon, Nick
942 _2ddc
_cCH
_mORA
_hS
999 _c32712
_d32712